| 000 | 01315nam0a2200361 4500 | ||
|---|---|---|---|
| 001 | RU\NLR\bibl\511579 | ||
| 005 | 20260406083305.0 | ||
| 010 |
_a5-93556-288-X _911000 |
||
| 021 |
_aRU _b2003-67143 _93311 |
||
| 035 | _aRSL-KNO-002385757 | ||
| 035 | _a(NLR Aleph) 000504072 | ||
| 090 |
_a1191755 _c1191755 |
||
| 100 | _a20031201d2003 |||y0rusy50 ca | ||
| 101 | 0 | _arus | |
| 102 | _aRU | ||
| 105 | _aa ||||||||| | ||
| 106 | _ar | ||
| 200 | 1 |
_aСила Бессмертных _eроман _fИгорь Ревва _g[худож.: О. Бабкин] |
|
| 210 |
_aМ. _cАРМАДА _cИзд-во Альфа-книга _d2003 _eКиров: ФГУИПП Вятка |
||
| 215 |
_a410, [2] с. _cил. _d21 |
||
| 225 | 1 |
_aФантастический боевик _vВып. 288 |
|
| 686 |
_aШ5(2=Р)75-644.5 _2rubbk |
||
| 686 | _aШ6(2=Р)75-445 | ||
| 700 | 1 |
_4070 _8rus _7ca _aРевва _bИ.Ю. _f1965- _gИгорь Юрьевич _3RU\NLR\auth\7723752 _96805 |
|
| 702 | 1 |
_4040 _8rus _7ca _aБабкин _bО. А. _cхудожник _f1965- _gОлег Александрович _3RU\NLR\AUTH\7749671 _932606 |
|
| 801 | 0 |
_aRU _bRuMoRKP _c20031201 _gPSBO |
|
| 801 | 1 |
_aRU _bRuMoRKP _c20031201 |
|
| 801 | 2 |
_aRU _bNLR _c20040415 _gPSBO |
|
| 942 | _cBOOK | ||
| 980 | _aNB | ||